000 01484cam a22004574i 4500
003 PE-LiUPU
005 20250731165549.0
008 150625s r 000 0 d
035 _a(Sirsi) a34330
040 _aPE-LiUPU
_bspa
_cPE-LiUPU
_erda
082 0 4 _a939
_bR56
_221
100 1 _aRiemscchneider, Margarete,
_eautor.
245 1 0 _aLe monde des hittites /
_cMargarete Riemscchneider.
264 1 _aParis :
_bBuchet/Chastel,
_c1955.
300 _a
336 _atext
_2rdacontent
337 _aunmediated
_2rdamedia
338 _avolume
_2rdacarrier
505 0 _aLa plus ancienne communauté indo-europeenne. -Le role des dans l'Histoire. -La societe, les lois, la vie quotidienne. -Les dieux et la religion. -Art, architecture, Litterature.
526 _aSEG44
526 _aSEG26
526 _aP151
526 _aP150
526 _aP149
526 _aP146
526 _aP145
526 _aP126
526 _aP125
526 _aP92
526 _aP75
526 _aP74
526 _aP27
526 _aP15
651 _aHititas.
910 _a
942 _2ddc
_cBOOK
949 _a939 R56
_wDEWEY
_c1
_i12977
_lCCODEBUL1
_mBUL
_p00.00
_r0
_sY
_tBOOK
_u2015-06-25
_xBIBLIOTECA
_zUNKNOWN
_0COMPRA
_o.STAFF. Colección General
596 _a1
999 _a939 R56
_wDEWEY
_c42175
_i12977
_f2021-11-8
_g6
_lRCG
_mBUL
_r1
_sY
_tBOOK
_u2015-6-25
_xBIBLIOTECA
_zUNKNOWN
_0COMPRA
_o.STAFF. Colección General
_d42175
980 _81
_gALBERTO SANCHEZ Responsable de Automatización